000 02222nam0a22003731 4500
001 v19\rc\1617512
005 20250618225544.0
035 _a(NLR Aleph) 004735667
090 _a4469422
_c4469422
100 _a20061002e18981897|||y0rusy50 ca
101 1 _arus
_cger
102 _aRU
105 _ay z |||||
200 1 _aЗаболевания мозга, мозговых оболочек и венозных пазух ушного происхождения
_e(D-r Otto Körner, Die otitischen Erkrankungen des Hirns, der Hirnhäute und der Blutleiter. Mit einem Vorwort von Ernst von-Bergmann. 2., gröstentheils umgearbeitete Auflage. 1896)
_fD-r Otto Korner, э.-о. проф. и дир. Поликлиники болезней ушей и гортани в Ростоке
_gС предисл. проф. Эрнста фон-Бергмана
_gПер. с 2-го нем. изд. д-ра мед. А.Р. Ильиша
210 _aСанкт-Петербург
_cжурн. "Практ. медицина" (В.С. Эттингер)
_d1898
215 _aVIII, 140 с.
_d24
311 _aОтт. из журн. "Практ. медицина". 1897, № 11-12
320 _aБиблиогр. в примеч.
454 0 _12001#$aDie otitischen Erkrankungen des Hirns, der Hirnhäute und der Blutleiter$fMit einem Vorwort von Ernst von-Bergmann
_1205##$a2., gröstentheils umgearbeitete Auflage
_1210##$d1896
_1700#1$aKörner$bO.$gOtto
_tDie otitischen Erkrankungen des Hirns, der Hirnhäute und der Blutleiter
_aKörner, Otto
488 0 _12001#$aПрактическая медицина$v1897, № 11-12
_tПрактическая медицина
700 1 _aКернер
_bО.
_gОтто
702 1 _aИльиш
_bА. Р.
_gАлександр Робертович
_4730
702 1 _4080
_7ca
_8rus
_aБергманн
_bЭ. фон
_cхирург
_f1836-1907
_gЭрнст фон
_9243414
_3RU\NLR\AUTH\770243470
801 0 _aRU
_bNLR
_gpsbo
801 0 _aRU
_bRuMoRGB
_2psbo
801 1 _aRU
_bProSoft-M
_2rusmarc
852 _aNLR
_j20.102.6.18
852 _aNLR
_j132/4879
899 _aRuMoRGB
_jG 49/215
899 _aRuMoRGB
_jПриплет к U 406/2
899 _aБАН
942 _cBOOK
980 _aNB